[Event "Hong Kong op"]
[Site "Hong Kong"]
[Date "2025.01.02"]
[Round "9"]
[White "Peng, Xinbei"]
[Black "Pang, Khai Jie Ryan"]
[Result "0-1"]
[WhiteElo "1817"]
[BlackElo "1848"]
[PlyCount "104"]
[EventDate "2024.12.27"]
[EventType "swiss"]
[EventRounds "9"]
[EventCountry "HKG"]
[SourceTitle "CB02_2025"]
[SourceDate "2025.01.08"]
[SourceVersion "1"]
[SourceVersionDate "2025.01.08"]
[SourceQuality "1"]

1. e4 c5 2. Nf3 Nc6 3. d3 g6 4. g3 Bg7 5. Bg2 d6 6. 0-0 e5 7. Nc3 Nge7 8. Nd2 0-0 9. Nc4 Be6 10. Nd5 b5 11. Nce3 Rb8 12. c3 b4 13. Nc4 bxc3 14. bxc3 Bxd5 15. exd5 Na5 16. Qa4 Nxc4 17. Qxc4 Qa5 18. Bg5 f6 19. Bd2 Nc8 20. Be3 Nb6 21. Qg4 f5 22. Qh4 Qxc3 23. Qe7 Nc8 24. Qe6+ Kh8 25. Rac1 Qa5 26. Rb1 Rb4 27. Bd2 Qd8 28. Bxb4 cxb4 29. Rfc1 Nb6 30. Rc6 Rf6 31. Qxf6 Bxf6 32. Rxb4 Qe7 33. a4 e4 34. dxe4 Qe5 35. h3 Kg7 36. Kh2 fxe4 37. Rxe4 Qb2 38. Rc7+ Kh6 39. Rf4 g5 40. Rf5 Qd4 41. Rf7 Bg7 42. Re7 Be5 43. Rff7 Nxd5 44. Rxh7+ Kg6 45. Bxd5 Qxf2+ 46. Bg2 Qxg3+ 47. Kg1 Qe1+ 48. Bf1 Bd4+ 49. Kh2 Qxf1 50. Rhg7+ Bxg7 51. Re6+ Kf7 52. Rxd6 Be5# 0-1

[Event "Hong Kong op"]
[Site "Hong Kong"]
[Date "2024.12.31"]
[Round "7"]
[White "Zhang, Haoxuan1"]
[Black "Pang, Khai Jie Ryan"]
[Result "1/2-1/2"]
[WhiteElo "2002"]
[BlackElo "1848"]
[PlyCount "93"]
[EventDate "2024.12.27"]
[EventType "swiss"]
[EventRounds "9"]
[EventCountry "HKG"]
[SourceTitle "CB02_2025"]
[SourceDate "2025.01.08"]
[SourceVersion "1"]
[SourceVersionDate "2025.01.08"]
[SourceQuality "1"]

1. e4 c5 2. c3 Nf6 3. e5 Nd5 4. d4 cxd4 5. Nf3 Nc6 6. cxd4 d6 7. Bc4 Nb6 8. Bb5 dxe5 9. Nxe5 Bd7 10. Bxc6 Bxc6 11. Nxc6 bxc6 12. 0-0 e6 13. Be3 Be7 14. Nd2 0-0 15. Qc2 Rc8 16. Nb3 Qd5 17. Rfd1 Nc4 18. Bf4 Nd6 19. Bxd6 Bxd6 20. Qc3 Rfd8 21. h3 Bf4 22. Re1 h6 23. g3 Bc7 24. Qc2 Bb6 25. Rad1 Qf3 26. Kh2 Rd5 27. Rd2 Qf6 28. Red1 e5 29. dxe5 Rxd2 30. Rxd2 Qxe5 31. Re2 Qd5 32. Rd2 Qe5 33. Re2 Qd5 34. Rd2 Qe5 35. Qc3 Qe6 36. a4 Rd8 37. Rxd8+ Bxd8 38. Kg2 Qe4+ 39. Qf3 Qxa4 40. Nd2 Qb5 41. Qe3 Qd5+ 42. Nf3 Bb6 43. Qe8+ Kh7 44. g4 Qc5 45. Qe4+ Kg8 46. Qe8+ Kh7 47. Qe4+ 1/2-1/2

[Event "Hong Kong op"]
[Site "Hong Kong"]
[Date "2024.12.27"]
[Round "1"]
[White "Zhou, Shumeng"]
[Black "Pang, Khai Jie Ryan"]
[Result "1-0"]
[WhiteElo "2139"]
[BlackElo "1848"]
[PlyCount "69"]
[EventDate "2024.12.27"]
[EventType "swiss"]
[EventRounds "9"]
[EventCountry "HKG"]
[SourceTitle "CB02_2025"]
[SourceDate "2025.01.08"]
[SourceVersion "1"]
[SourceVersionDate "2025.01.08"]
[SourceQuality "1"]

1. e4 c5 2. Nf3 d6 3. d4 cxd4 4. Nxd4 Nf6 5. Nc3 g6 6. Be3 Bg7 7. f3 0-0 8. Qd2 Nc6 9. Bc4 Nxd4 10. Bxd4 Be6 11. Bxe6 fxe6 12. 0-0-0 Qa5 13. h4 b5 14. a3 Rac8 15. h5 Nxh5 16. Bxg7 Nxg7 17. Qh6 Kf7 18. Rh4 b4 19. axb4 Qa1+ 20. Nb1 e5 21. Rg4 Rh8 22. Qd2 Ne6 23. Qd5 Qa4 24. c3 Qc6 25. Qa2 Qb6 26. f4 Qe3+ 27. Nd2 exf4 28. Rxf4+ Qxf4 29. Rf1 g5 30. Rxf4+ gxf4 31. Qd5 Rcf8 32. Qf5+ Ke8 33. Qxe6 Rhg8 34. Qc8+ Kf7 35. Qh3 1-0

[Event "Vlissingen HZ op 23rd"]
[Site "Vlissingen"]
[Date "2019.08.06"]
[Round "5"]
[White "Van der Zalm, Marnix"]
[Black "Pang, Khai Jie Ryan"]
[Result "1/2-1/2"]
[WhiteElo "2062"]
[BlackElo "1770"]
[PlyCount "46"]
[EventDate "2019.08.03"]
[EventType "swiss"]
[EventRounds "9"]
[EventCountry "NED"]
[SourceTitle "CBM 191 Extra"]
[Source "ChessBase"]
[SourceDate "2019.09.30"]
[SourceVersion "1"]
[SourceVersionDate "2019.09.30"]
[SourceQuality "1"]

1. g3 e5 2. Bg2 d5 3. d3 Nf6 4. Nf3 Bd6 5. 0-0 0-0 6. Nc3 c6 7. e4 d4 8. Ne2 Bg4 9. Ne1 Qd7 10. f4 c5 11. f5 Nc6 12. h3 Bxe2 13. Qxe2 b5 14. g4 Ne8 15. g5 g6 16. h4 Ng7 17. Bh3 gxf5 18. exf5 e4 19. dxe4 c4 20. Bf4 Rfe8 21. Bg4 Bxf4 22. Rxf4 Qd6 23. Ng2 Ne5 1/2-1/2

[Event "Vlissingen HZ op 23rd"]
[Site "Vlissingen"]
[Date "2019.08.03"]
[Round "1"]
[White "Grooten, Herman"]
[Black "Pang, Khai Jie Ryan"]
[Result "1-0"]
[WhiteElo "2310"]
[BlackElo "1770"]
[PlyCount "71"]
[EventDate "2019.08.03"]
[EventType "swiss"]
[EventRounds "9"]
[EventCountry "NED"]
[SourceTitle "CBM 191 Extra"]
[Source "ChessBase"]
[SourceDate "2019.09.30"]
[SourceVersion "1"]
[SourceVersionDate "2019.09.30"]
[SourceQuality "1"]

1. d4 Nf6 2. c4 e6 3. Nf3 c5 4. d5 exd5 5. cxd5 d6 6. Nc3 g6 7. Nd2 Bg7 8. e4 0-0 9. Be2 Re8 10. 0-0 b6 11. a4 Ba6 12. Bb5 Bxb5 13. axb5 Nbd7 14. Ra4 Ne5 15. Qe2 g5 16. Rd1 Nfd7 17. Nf1 Ng6 18. Ng3 Be5 19. Nf5 Qf6 20. Nh6+ Kg7 21. Ng4 Qe7 22. g3 Kh8 23. Nh6 f6 24. Qh5 Nb8 25. Ne2 Qd7 26. f4 gxf4 27. gxf4 Qxb5 28. Ra3 Nd7 29. fxe5 Ndxe5 30. Rh3 Qd7 31. Rf1 Rf8 32. Kh1 Rad8 33. Nf5 Qf7 34. Rg1 b5 35. b3 Ne7 36. Rg7 1-0

[Event "Penang op 10th"]
[Site "Penang"]
[Date "2018.12.08"]
[Round "9"]
[White "Pang, Khai Jie Ryan"]
[Black "Bagamasbad, Efren"]
[Result "0-1"]
[WhiteElo "1607"]
[BlackElo "2133"]
[PlyCount "96"]
[EventDate "2018.12.03"]
[EventType "swiss"]
[EventRounds "9"]
[EventCountry "MAS"]
[SourceTitle "CBM 187 Extra"]
[Source "ChessBase"]
[SourceDate "2018.11.04"]
[SourceVersion "1"]
[SourceVersionDate "2018.11.04"]
[SourceQuality "1"]

1. e4 c5 2. d4 cxd4 3. c3 g6 4. Nf3 Bg7 5. Bc4 e6 6. cxd4 d5 7. Bb5+ Nc6 8. e5 Nge7 9. Nc3 0-0 10. h4 h5 11. Bg5 Qb6 12. Qd2 Nf5 13. Bxc6 Qxc6 14. 0-0 Bd7 15. Ne2 Qb6 16. Nf4 Rfc8 17. Rac1 Bf8 18. a3 a5 19. Bf6 Bb5 20. Rfd1 Ba4 21. Re1 Qb5 22. Ne2 Rc6 23. Nc3 Qb3 24. Qf4 Rc4 25. Nd2 Rxd4 26. Qxd4 Nxd4 27. Nxb3 Bxb3 28. Ne2 Nc6 29. Nf4 a4 30. Rc3 Bc4 31. g4 hxg4 32. Rg3 Nd4 33. Rc1 Bh6 34. Bg5 Bg7 35. Rxg4 Nf3+ 36. Kh1 Nxe5 37. Rgg1 f6 38. Nxe6 fxg5 39. Rxg5 Bf6 40. Rg2 Kf7 41. Ng5+ Bxg5 42. Rxg5 Kf6 43. Rcg1 Bd3 44. R5g3 Rh8 45. Rh3 Bf5 46. Rhg3 Rxh4+ 47. Kg2 Be4+ 48. Kf1 Nf3 0-1